[Event "Tata Steel-A 76th"]
[Site "Wijk aan Zee"]
[Date "2014.01.11"]
[Round "1"]
[White "Nakamura, Hikaru"]
[Black "Naiditsch, Arkadij"]
[Result "1-0"]
[WhiteElo "2789"]
[BlackElo "2718"]
[Annotator "Sumets,Andrey"]
[PlyCount "129"]
[EventDate "2014.01.11"]
[EventType "tourn"]
[EventRounds "11"]
[EventCountry "NED"]
[EventCategory "20"]
[SourceTitle "CBM 159"]
[Source "ChessBase"]
[SourceDate "2014.03.17"]
[SourceVersion "1"]
[SourceVersionDate "2014.03.17"]
[SourceQuality "1"]

1. d4 Nf6 2. c4 e6 3. Nc3 Bb4 4. Qc2 O-O 5. a3 {The main line and probably the strongest one. The disadvantage of the line is that Black has too many interesting options, that promise him an equal game.} Bxc3+ 6. Qxc3 b6 (6... d5 7. Nf3 dxc4 8. Qxc4 b6 9. Bg5 Ba6 10. Qc3 {a very rare line} h6 11. Bxf6 Qxf6 12. g3 Bb7 13. Bg2 Na6 (13... c5 $5 14. O-O Nd7) 14. O-O c5 15. Rac1 Rac8 16. Ne5 cxd4 $6 17. Qxd4 Bxg2 18. Kxg2 Nc5 19. b4 Nb3 20. Rxc8 Rxc8 21. Qd7 $16 {1-0 (50) Nakamura,H (2786)-Kramnik,V (2793) Antalya TUR 2013}) (6... b5 {This gambit line was often played by Naiditsch} 7. cxb5 c6 8. Bg5 cxb5 9. e3 Bb7 10. Nf3 h6 11. Bh4 g5 (11... a6 12. Bd3 d6 13. O-O Nbd7 14. Rfc1 Qb6 15. Qc7 Rfc8 16. Qxb6 Nxb6 17. Bg3 Rxc1+ 18. Rxc1 Rc8 19. Rxc8+ Nxc8 20. h3 Ne4 21. Bh2 Kf8 $11 {L'Ami,E (2628)-Nakamura,H (2751) Wijk aan Zee 2011 0-1 (43).}) 12. Bg3 Ne4 13. Qd3 (13. Qc2 Na6 14. b4 Rc8 15. Qb2 Nc7 (15... h5 $5 16. h4 g4 17. Ne5 d6 18. Nd3 Nxg3 19. fxg3 Nc7 $15) 16. Bd3 f5 17. O-O d6 18. Nd2 h5 $6 (18... Nxg3 19. hxg3 Qe7 $11) 19. Bxe4 fxe4 20. h3 h4 21. Bh2 Qd7 22. Rac1 $14 Na8 $6 23. Qb1 d5 24. f3 $16 {Drozdovskij,Y (2603)-Naiditsch,A (2700) Odessa 2009 1/2 (64)}) 13... a6 14. Nd2 f5 15. Rc1 Nxg3 16. hxg3 Kg7 17. Qc3 Qc8 18. Qxc8 Rxc8 19. Rxc8 Bxc8 20. Bd3 Ra7 {Dreev,A (2654)-Naiditsch,A (2708) Warsaw 2012 1-0 (51)} 21. f4 $5 Rc7 22. Kf2 $14) 7. Bg5 Bb7 8. e3 d6 9. f3 {or} (9. Ne2 Nbd7 10. Qc2 h6 (10... c5 11. Nc3) 11. Bh4 c5 12. Rd1 (12. dxc5 {see the game Morozevich,A-Moiseenko,A EU-ChT 2011 1-0 (58) annotated by Marin}) 12... cxd4 13. Rxd4 Qc7 14. Nc3 d5 15. cxd5 Nxd5 16. Rc4 Qb8 17. Be2 Nxc3 18. Qxc3 Bd5 19. Bg3 e5 20. Rc7 Rc8 21. Rxc8+ Qxc8 22. O-O Qxc3 23. bxc3 Rc8 {1/2 (23) Inarkiev,E (2693)-Jakovenko,D (2724) Poikovsky 2013}) 9... h6 (9... Nbd7 10. Bd3 Rc8 11. Rc1 c5 12. Ne2 h6 13. Bh4 cxd4 14. Qxd4 d5 15. cxd5 Rxc1+ 16. Nxc1 Qc8 17. O-O Nxd5 18. e4 $6 (18. Nb3 $5 e5 (18... Ba6 19. Rc1 Qb7 20. Be4 $14) 19. Qa4 Nxe3 $6 20. Rc1 Nc5 21. Nxc5 bxc5 22. Be7 $16) 18... e5 19. Qf2 Nf4 20. Rd1 Nc5 21. Bf1 Ba6 $11 {Danielian,E (2470)-Koneru,H (2607) Tashkent 2013 0-1 (58)}) 10. Bh4 Nbd7 11. Bd3 {Other moves were also at the centre of discussion.} ({A very rare line.} 11. O-O-O {See the game Gelfand,B (2700)-Anand,V (2635) Munich 1991 1-0 (59) commented by Gelfand}) ({Up to the moment Black is OK after} 11. Nh3 Re8 12. Be2 e5 13. O-O Qe7 14. Bf2 Nf8 15. Kh1 Ng6 16. b4 a5 17. e4 Nh5 18. dxe5 Nhf4 19. Nxf4 Nxf4 20. Bd1 axb4 21. axb4 Rxa1 22. Qxa1 dxe5 23. c5 Qg5 $6 (23... Nd3 $11) 24. Bg3 Ra8 25. Qc3 Ba6 26. Rg1 $14 {1-0 (77) Eljanov,P (2761)-Polgar,J (2682) Khanty-Mansiysk 2010}) 11... c5 12. Ne2 Rc8 13. Qb3 d5 14. cxd5 Bxd5 ({According to Houdini} 14... cxd4 $5 {is not worse than 14...xd5. The only game, that I managed to find in the database continued} 15. exd4 $8 (15. Nxd4 $6 Nc5 16. Qd1 Qxd5 17. Bxf6 gxf6 $15) 15... Bxd5 16. Qa4 Bc6 17. Qd1 b5 18. O-O Qb6 $132 {Brittner,S (2182)-Uribe,M (2364) Bled 2002 0-1 (37)}) 15. Qd1 cxd4 16. Nxd4 Bc4 17. O-O Bxd3 {The most reliable way.} (17... a6 18. Rc1 b5 19. Bxc4 Rxc4 20. Rxc4 bxc4 21. Qa4 $14 Qb6 22. Qxc4 Qxb2 23. Qxa6 Nd5 24. Bf2 Nc5 25. Qd6 Nd3 26. Nxe6 fxe6 27. Qxe6+ Kh8 28. Qxd5 Nxf2 29. Qc5 $6 (29. Qe6 $3 {I believe that human players can't find such kind moves.} Nd3 30. Qd6 Ra8 31. Qxd3 Rxa3 32. Qd8+ Kh7 33. Re1 Ra2 34. Qd3+ Kh8 35. Qf1 $16) 29... Nh3+ 30. Kh1 (30. gxh3 Rf6 31. Qh5 Qe2 $44) 30... Nf2+ 31. Kg1 Nh3+ 32. Kh1 {1/2 (32) Sokolov,I (2625)-Georgiev,K (2610) Elenite 1992}) 18. Qxd3 {White keeps some pressure in this line. Nevertheless, the most likely outcome of the game is a draw.} Ne5 $146 ({RR} 18... Nc5 19. Qe2 Qe7 20. Rfd1 g6 21. Nb5 a6 22. Nd6 Rc6 23. b4 Rxd6 24. Rxd6 Qxd6 25. Bxf6 Nd7 26. Rd1 Qc7 27. Bb2 b5 28. Rc1 Qd6 29. Qc2 e5 30. Rd1 Qe6 31. Qc7 Qb3 32. Qc1 Nb6 33. Bxe5 {VampireBat (2324)-ChessCentaur,R (2363) Playchess.com INT 2007 ½-½ (81)}) 19. Qe2 Ng6 20. Bf2 $146 {A novelty that can't change the long established verdict that the line is very drawish.} (20. Bg3 Nd5 21. Rad1 Qe7 22. Qd2 Rfd8 23. e4 (23. Rc1 $5 Qb7 24. Rxc8 Rxc8 25. Rd1 a6 26. e4 {White has a tiny edge.}) 23... Nf6 24. Bf2 Qd7 25. Be3 Qa4 {1/2 (25) Khalifman,A (2667) -Lutz,C (2595) New Delhi/Teheran 2000}) 20... e5 21. Nb5 Qe7 22. Rfd1 {Due to his bishop, White is slightly better. Black should avoid the queen exchange.} Rfd8 23. Be1 (23. Rxd8+ Rxd8 24. Rc1 a6 25. Rc7 (25. Nc3 e4 26. Rd1 Rxd1+ 27. Qxd1 exf3 28. gxf3 Ne5 $11 {Black's position is at least not worse}) 25... Qe6 26. Nc3 b5 27. e4 Nf4 28. Qc2 Qd6 29. Ra7 Qd2 $15) 23... Nd5 24. Nc3 ({Of course not} 24. e4 $4 {due to} Ngf4 25. Qf2 Ne3 $3 26. Rxd8+ Rxd8 27. Qxe3 Qg5 $19) 24... Nxc3 25. Bxc3 Rxd1+ {A premature rook exchange.} ({I think Black should have changed the pawn structure in the centre:} 25... e4 $5 26. f4 (26. Rxd8+ Rxd8 27. Rd1 $11) 26... Qe6 27. Kf2 Ne7 $11) 26. Rxd1 Rd8 27. Rd2 Rd7 (27... Rxd2 28. Qxd2 Qg5 (28... e4 $2 29. Qd4 f6 30. Qd5+ Kh7 31. f4 $16) 29. a4 Qf5 30. Kf2 f6 {White's advantage is insignificant.}) 28. Qd1 Nf8 29. Bb4 Rxd2 30. Qxd2 Qd7 31. Bd6 Ng6 {A bit passive.} (31... Ne6 $5 {He could find a little tactical trick} 32. Qd5 Qc8 $1 {and White has to accept the draw:} 33. Bxe5 (33. Qxe5 Qc1+ 34. Kf2 Qd2+ 35. Kg3 $2 (35. Kf1 $11) 35... Qe1+ 36. Kh3 Qf2 $17) 33... Qc1+ 34. Kf2 Qc2+ 35. Kf1 Nc5 36. h3 Qb1+ 37. Kf2 Nd3+ 38. Kg3 Qe1+ 39. Kh2 Qxe3 40. Bg3 $11) 32. Kf2 f6 33. Qd5+ Kh7 34. Qd3 f5 35. h3 a5 $6 {A strange move. Black's b-pawn has clearly been exposed as a weakling.} 36. a4 Nh4 37. b3 Qe6 38. Qd1 Qg6 $2 {It is unclear what Arkadij overlooked, but after the obvious reply he is a piece down.} 39. g3 $1 Nxf3 $8 40. Kxf3 Qh5+ 41. g4 $8 Qxh3+ {Despite the extra bishop, It is still not easy to win the game.} 42. Ke2 (42. Kf2 $1 Qh2+ 43. Ke1 Qh1+ 44. Kd2 Qd5+ 45. Kc1 Qc6+ 46. Kb1 $16) 42... Qxg4+ 43. Kd2 {Usually three pawns are sufficient compensation for the bishop. However, in this case, the bishop is much stronger.} Qe4 44. Qc2 Qg2+ 45. Kc1 Qg1+ ({Nor does} 45... Qf3 {bring any relief:} 46. Kb2 e4 47. Qc8 h5 48. Bf4 Qe2+ 49. Ka3 Qg4 50. Qe6 Qg6 51. Qe7 $16) 46. Kb2 e4 47. Qc8 Qg6 (47... Qg5 48. Bf4 Qf6+ 49. Qc3 $1 Qg6 (49... Qxc3+ 50. Kxc3 g5 51. Bc7 h5 52. Kd2 $18) 50. Qc7 h5 51. Qe7 $16) 48. Be5 h5 49. Qd8 $16 Qg2+ 50. Ka3 Qg1 $6 (50... Qg6 {allows him to continue the resistance} 51. Bd4 Qh6 52. Qf8 Qg6 53. Qe7 $16) 51. Qxb6 f4 52. Qb7 $1 $18 (52. Bxf4 $4 Qa1#) 52... fxe3 53. Qxe4+ Kh8 54. Bd4 Qc1+ 55. Bb2 Qc5+ 56. Ka2 Qg5 57. Bc1 h4 58. Bxe3 Qh5 59. Bf4 Qg4 (59... h3 60. Qe6 h2 61. Qc8+ Kh7 62. Qc2+ $18) 60. Qe3 h3 61. Qg3 Qe2+ 62. Ka3 Qe7+ 63. Bd6 Qd7 64. Be5 Kg8 65. Bc3 1-0

[Event "Amsterdam NH Hotels 4th"]
[Site "Amsterdam"]
[Date "2009.08.23"]
[Round "4"]
[White "Nakamura, Hikaru"]
[Black "Nielsen, Peter Heine"]
[Result "1/2-1/2"]
[WhiteElo "2710"]
[BlackElo "2680"]
[PlyCount "82"]
[EventDate "2009.08.20"]
[EventType "schev"]
[EventRounds "10"]
[EventCountry "NED"]
[SourceTitle "CBM 132"]
[Source "ChessBase"]
[SourceDate "2009.09.16"]
[SourceVersion "1"]
[SourceVersionDate "2009.09.16"]
[SourceQuality "1"]

1. d4 {Stockfish 16.1} d5 2. c4 e6 3. Nc3 Be7 4. e3 Nf6 5. cxd5 exd5 6. g3 ({RR} 6. Bd3 Nbd7 7. Nge2 ({RR} 7. Nge2 O-O 8. O-O Re8 9. Rb1 a5 10. f3 c5 11. Bb5 Qb6 12. Nf4 cxd4 13. exd4 Bd6 14. a4 Bb8 15. g3 Qd6 16. Qb3 Ba7 17. Rd1 Rd8 18. Kg2 Nb8) 7... O-O 8. O-O Re8 9. Rb1 a5 10. f3 c5 11. Bb5 Qb6 12. Nf4 cxd4 13. exd4 Bd6 14. a4 Bb8 15. g3 Qd6 16. Qb3 Ba7 17. Rd1 Rd8 18. Kg2 Nb8 {½-½ (18) Sjugirov,S (2712)-Abasov,N (2634) Sharjah UAE 2023}) ({RR} 6. Bd3 Nbd7 7. Nf3 c5 8. O-O a6 9. Re1 O-O 10. e4 ({RR} 10. a4 Re8 11. b3 b6 12. Bb2 Bb7 13. Qc2 Rc8 14. Ne5 Rc7 15. Rac1 cxd4 16. exd4) 10... c4 ({RR} 10... dxe4 11. Bxe4 Nxe4 12. Nxe4 cxd4 13. Qxd4 Nc5) 11. Bc2 dxe4 12. Nxe4 Nb6 ({RR} 12... Nxe4 13. Bxe4 ({RR} 13. Rxe4 Nf6) {RR} 13... Nf6) 13. Bg5 ({RR} 13. Ne5 Be6 14. Ng5 Bd5 15. Re3) 13... Nfd5 14. Bxe7 Nxe7 ({RR} 14... Qxe7 15. Neg5 Qd8 16. Bxh7+ Kh8 17. Be4) 15. Qe2 Be6 ({RR} 15... Bf5) 16. Nc5 Nbd5 ({RR} 16... Bf5 {RR} 17. Nxb7 ({RR} 17. Qxe7 Qxe7 18. Rxe7 Bxc2) 17... Qc7) 17. Qxc4 ({RR} 17. Nxe6 fxe6 18. Ng5 ({RR} 18. Qe4 Ng6) 18... Qb6 19. Bxh7+ Kh8 20. Qh5 Nf6 21. Qh4 Neg8 22. Bg6+ Nh6) 17... Nf4 ({RR} 17... Bc8 18. Ne5 ({RR} 18. Re5 Nf4) ({RR} 18. Qd3 Bf5) 18... b6 19. Ne4 g6 20. Bb3 Bb7 21. Qd3 a5 22. Qb5 Kg7 23. Rad1 ({RR} 23. Nc5 bxc5 24. Qxb7)) 18. Nxe6 ({RR} 18. Nxb7 Bxc4 19. Nxd8 Ra7) 18... Nxe6 19. Rad1 Rc8 20. Qb3 ({RR} 20. Qd3 g6 21. Bb3 Nf4) 20... Ng6 {Joao Guilherme Alves Sabadin (1059)-Mauro,A (1511) RUA CONDE DE BONFIN, 451 2024 [Stockfish 16.1] ½-½ (51)}) 6... O-O 7. Bg2 Re8 $146 ({RR} 7... Bg4 8. Nge2 Bb4 9. f3 Bf5 10. O-O Re8 11. Qb3 c5 12. a3 Bxc3 13. Qxc3 c4 14. Re1 Nc6 15. Bd2 Qd7 16. b3 Bd3 17. Bf1 Ne7 18. Nf4 Bxf1 19. Kxf1 Rac8 20. Rac1 g5 21. Ng2 Qh3 22. Kg1 {Hoesker,L (1500)-Goloubkov,A Germany 2003 ½-½ (42)}) ({RR} 7... c6 8. Nge2 Nbd7 9. O-O Re8 10. e4 dxe4 11. Nxe4 Nxe4 12. Bxe4 Nf6 13. Bg2 Be6 14. Nf4 Bc4 15. Re1 Bb4 16. Bd2 Rxe1+ 17. Qxe1 Bxd2 18. Qxd2 Nd5 19. b3 Nxf4 20. Qxf4 Bd5 21. Be4 Bxe4 22. Qxe4 {Lorente,R-Fernando Gros,J San Jose 1997 ½-½ (46)}) 8. Nge2 Bf8 9. O-O c6 10. h3 h6 11. g4 h5 12. g5 Ne4 13. h4 Nd6 14. Ng3 g6 15. e4 dxe4 16. Ncxe4 Bg7 17. Bf4 Bg4 18. Qb3 Be6 19. Qb4 Nxe4 20. Nxe4 Qb6 21. Qxb6 axb6 22. Be5 Rd8 23. a3 Nd7 24. f4 Nxe5 25. dxe5 Bf8 26. Rfd1 Bb3 27. Rxd8 Rxd8 28. Kf2 Be7 29. Ke3 Kf8 30. Rc1 Be6 31. Bf3 Bf5 32. Rd1 Rxd1 33. Bxd1 Bxe4 34. Kxe4 Bc5 35. a4 Bf2 36. Be2 Bxh4 37. Bf1 Be1 38. Bh3 b5 39. axb5 cxb5 40. Bf1 b4 41. b3 Bd2 1/2-1/2

[Event "FRA-chT Top 16 GpA"]
[Site "France"]
[Date "2008.04.13"]
[Round "7"]
[White "Nakamura, Hikaru"]
[Black "Nisipeanu, Liviu Dieter"]
[Result "1/2-1/2"]
[WhiteElo "2670"]
[BlackElo "2684"]
[PlyCount "27"]
[EventDate "2008.03.22"]
[EventType "team"]
[EventRounds "7"]
[EventCountry "FRA"]
[SourceTitle "CBM 123 Extra"]
[Source "ChessBase"]
[SourceDate "2008.05.06"]
[SourceVersion "1"]
[SourceVersionDate "2008.05.06"]
[SourceQuality "1"]

1. d4 Nf6 2. c4 e6 3. Nc3 Bb4 4. e3 O-O 5. Bd3 d5 6. Nge2 c5 7. cxd5 cxd4 8. exd4 Nxd5 9. O-O Nc6 10. a3 Bd6 11. Bc2 Qh4 ({RR} 11... Re8 12. Qd3 g6 13. Ne4 Bf8 14. Bg5 f6 15. Bh4 Bg7 16. Rac1 Nce7 17. Bg3 Nf5 18. N4c3 Bd7 19. Nxd5 exd5 20. Bb3 Bc6 {½-½ (20) Prusikin,M (2541)-Pelletier,Y (2585) Switzerland 2012}) ({RR} 11... Nxc3 12. bxc3 e5 13. Qd3 g6 14. Ng3 exd4 15. Bh6 Re8 16. Rac1 Be6 17. cxd4 Bf8 18. Bxf8 Kxf8 19. Rcd1 Bd5 20. Qb5 Qa5 21. Qxb7 Qxa3 22. Qd7 Rad8 23. Qg4 Bc4 24. Qh4 Bxf1 25. Qh6+ Ke7 26. Rxf1 {Avinash,R (2336)-Pap,M (2442) Zadar CRO 2025 0-1 (43)}) 12. f4 Bc7 $146 ({RR} 12... Nxc3 13. bxc3 Ne7 14. Rb1 b6 15. c4 Bb7 16. Rb3 Nf5 17. d5 {½-½ (17) Ivanov,I (2495)-Browne,W (2560) Jacksonville 1990}) 13. Rf3 f5 14. Nxd5 1/2-1/2

[Event "Western States op"]
[Site "Reno"]
[Date "2002.10.20"]
[Round "5"]
[White "Nakamura, Hikaru"]
[Black "Perelshteyn, Eugene"]
[Result "1/2-1/2"]
[WhiteElo "2614"]
[BlackElo "2514"]
[PlyCount "120"]
[EventDate "2002.10.18"]
[EventType "swiss"]
[EventRounds "6"]
[EventCountry "USA"]
[SourceTitle "EXT 2009"]
[Source "ChessBase"]
[SourceDate "2008.11.26"]
[SourceVersion "1"]
[SourceVersionDate "2008.11.26"]
[SourceQuality "1"]

1. d4 Nf6 2. c4 e6 3. Nc3 Bb4 4. Qc2 Nc6 5. Nf3 O-O 6. Bg5 h6 7. Bxf6 Qxf6 8. a3 ({RR} 8. e3 d6 9. a3 Bxc3+ 10. Qxc3 a5 11. Be2 a4 12. O-O e5 13. Rfd1 Re8 14. c5 Bg4 15. h3 Bh5 16. dxe5 dxe5 17. Rd2 Na5 18. Rad1 Nb3 19. Rd7 Rac8 20. Bc4 e4 21. Qxf6 gxf6 22. g4 Nxc5 {Mamedyarov,S (2741)-Sadhwani,R (2628) chess.com INT 2022 1-0 (42)}) 8... Bxc3+ 9. Qxc3 d6 10. Rd1 $146 ({RR} 10. e3 e5 11. dxe5 dxe5 12. Bd3 Re8 13. Nd2 Bf5 14. Bxf5 Qxf5 15. f3 Rad8 16. Ne4 Qd7 17. O-O f5 18. Ng3 g6 19. Rfe1 a5 20. Qb3 b6 21. c5+ Qe6 22. Qxe6+ Rxe6 23. cxb6 cxb6 24. Red1 Red6 {Lezcano Montalvo,P (2250)-Epishin,V (2590) Corte Ingles 1998 ½-½ (45)}) 10... e5 11. d5 Ne7 12. g3 Qg6 13. Bg2 f5 14. O-O f4 15. c5 Bg4 16. Qb4 Nf5 17. cxd6 cxd6 18. Qe4 Rf6 19. Rfe1 Raf8 20. Rd3 fxg3 21. hxg3 Bh5 22. Rc3 R6f7 23. Nh2 Ne7 24. Qxg6 Bxg6 25. Rec1 e4 26. Rd1 Rxf2 27. Rc7 R2f7 28. Rxb7 Nxd5 29. Rb3 Nf6 30. Rxd6 Rc7 31. Rd1 Rc2 32. Re1 Rd8 33. Nf1 Bh5 34. Rb7 a5 35. Ne3 Rxe2 36. Rxe2 Bxe2 37. Nf5 e3 38. Nxe3 Bh5 39. Bh3 Bf7 40. Nf5 Rd2 41. Nxg7 Rd1+ 42. Kf2 Kxg7 43. Be6 Ne4+ 44. Ke2 Rd6 45. Bxf7 Nxg3+ 46. Kf3 Rf6+ 47. Kxg3 Rxf7 48. Rb5 a4 49. Rb4 Ra7 50. Kf4 Ra5 51. Ke3 Kg6 52. Kd3 Kg5 53. Ke3 h5 54. Kf3 h4 55. Ke3 Re5+ 56. Kf3 Rf5+ 57. Kg2 Rf4 58. Rb8 Kg4 59. b3 h3+ 60. Kg1 axb3 1/2-1/2

[Event "Bermuda op"]
[Site "Southampton"]
[Date "2003.02.09"]
[Round "5"]
[White "Nakamura, Hikaru"]
[Black "Perelshteyn, Eugene"]
[Result "1/2-1/2"]
[WhiteElo "2520"]
[BlackElo "2442"]
[PlyCount "135"]
[EventDate "2003.02.??"]
[EventType "swiss"]
[EventRounds "5"]
[EventCountry "BER"]
[SourceTitle "EXT 2004"]
[Source "ChessBase"]
[SourceDate "2003.11.25"]
[SourceVersion "1"]
[SourceVersionDate "2003.11.25"]
[SourceQuality "1"]

1. d4 Nf6 2. c4 e6 3. Nc3 Bb4 4. e3 c5 5. Bd3 Nc6 6. Nf3 Bxc3+ 7. bxc3 d6 8. O-O O-O 9. d5 Ne7 10. e4 e5 11. Ne1 Ne8 12. g4 ({RR} 12. g3 f5 13. exf5 Bxf5 14. Bxf5 Nxf5 15. Ng2 Qd7 16. Rb1 b6 17. a4 g6 18. Rb5 Rf7 19. f4 exf4 20. Nxf4 Nc7 21. Rb2 Re8 22. Rbf2 Re4 23. Qd3 Re5 24. Nh3 Rfe7 25. Ng5 h6 26. Nh3 Kg7 {Roubalik,J (2315)-Jedlicka,A (2094) Czech Republic CZE 2025 ½-½ (45)}) 12... Ng6 13. Ng2 h6 14. Qf3 $146 ({RR} 14. h3 Nf6 15. Qf3 Nh7 16. Qg3 f6 17. h4 Nh8 18. Ne3 g5 19. Nf5 Ng6 20. Nxh6+ Kg7 21. Nf5+ Bxf5 22. exf5 Nf4 23. Qf3 Re8 24. Re1 Qa5 25. Bxf4 exf4 26. Re6 Qxc3 27. Rb1 b6 28. Qe4 Kf7 {Granda Zuniga,J (2650)-El Debs,F (2544) Buenos Aires 2018 1-0 (41)}) 14... Nh4 15. Qg3 Nxg2 16. Kxg2 g5 17. Rh1 Ng7 18. h4 f6 19. hxg5 hxg5 20. Qf3 Kf7 21. Bxg5 Bxg4 22. Qxg4 fxg5 23. Rh6 Qe7 24. Rah1 Ke8 25. f3 Kd8 26. Rg6 Ne8 27. Qxg5 Qxg5+ 28. Rxg5 Rc8 29. Kf2 Rc7 30. Bf1 Rcf7 31. Rg3 Nf6 32. Ke3 Nd7 33. Bg2 Nb6 34. Kd3 Na4 35. Kc2 Nb6 36. Kd3 Na4 37. Rb1 Kc7 38. Rb3 a6 39. Ke3 Nb6 40. Bf1 Rh8 41. Rb2 Na4 42. Rc2 Rh1 43. Kf2 Rh2+ 44. Rg2 Rh3 45. Be2 Rh1 46. Ke3 Rb1 47. Rf2 Re1 48. Rf1 Rxf1 49. Bxf1 Rh7 50. Kd3 Rh1 51. Rf2 Rg1 52. Kc2 Nb6 53. f4 exf4 54. Rxf4 Rg7 55. e5 dxe5 56. Rf6 Nc8 57. Re6 Rg5 58. Bh3 Rh5 59. Bg4 Rg5 60. Bh3 Rh5 61. Bg4 Rg5 62. Be2 Nd6 63. Re7+ Kd8 64. Rh7 Rg2 65. Kd1 Rg1+ 66. Kc2 Rg2 67. Kd1 Rg1+ 68. Kd2 1/2-1/2

[Event "Dortmund SuperGM 39th"]
[Site "Dortmund"]
[Date "2011.07.23"]
[Round "3"]
[White "Nakamura, Hikaru"]
[Black "Ponomariov, Ruslan"]
[Result "0-1"]
[WhiteElo "2770"]
[BlackElo "2764"]
[Annotator "Krasenkow,Michal"]
[PlyCount "82"]
[EventDate "2011.07.21"]
[EventType "tourn"]
[EventRounds "10"]
[EventCountry "GER"]
[EventCategory "20"]
[SourceTitle "CBM 144"]
[Source "ChessBase"]
[SourceDate "2011.09.16"]
[SourceVersion "1"]
[SourceVersionDate "2011.09.16"]
[SourceQuality "1"]

1. d4 Nf6 2. c4 e6 3. Nc3 Bb4 4. e3 O-O 5. Bd3 c5 6. Nf3 d5 7. O-O Nc6 8. a3 Bxc3 9. bxc3 Qc7 10. Bb2 Re8 {A rare continuation instead of the main} (10... dxc4) 11. h3 (11. a4 Na5 12. cxd5 exd5 13. Ne5 Rxe5 $5 14. dxe5 Qxe5 15. e4 Bg4 16. f3 dxe4 17. Qe2 Be6 $13 {1-0 Wang Hao (2718)-Harikrishna,P (2669)/Ningbo CHN 2011/The Week in Chess 872 (59)}) (11. Qc2 Na5 12. Ne5 Nxc4 13. Nxc4 dxc4 14. Bxc4 Bd7 15. Rac1 Rac8 16. Qe2 e5 17. f3 b5 18. Ba2 c4 19. e4 Nh5 20. g3 f5 $132 {1/2 Peralta,F (2603)-Marin,M (2555)/Barcelona ESP 2011/The Week in Chess 854 (45)}) (11. Rc1 dxc4 (11... Na5 $5) 12. Bxc4 e5 13. Ng5 Bg4 14. f3 $6 (14. Qc2 Bh5 15. Bd3 Bg6 $11) 14... Bh5 15. g4 $6 h6 16. Ne4 Nxe4 17. fxe4 Bg6 $15 {1/2 Rabar,B-Janosevic,D/Sarajevo 1951/EXT 2002 (41)}) (11. Qe2 dxc4 (11... Na5 $5) 12. Bxc4 e5 13. h3 Bf5 14. Rfd1 Rad8 15. Bb5 e4 16. Bxc6 bxc6 17. Ne5 Rb8 18. a4 Nd5 $11 {1-0 Swiercz,D (2488)-Arutinian,D (2576)/Rijeka 2010/CBM 136 (31)}) 11... Na5 (11... b6 $5 12. cxd5 exd5 13. dxc5 Na5 14. Qa4 bxc5 15. c4 Bd7 16. Qc2 dxc4 17. Bxc4 Nxc4 18. Qxc4 Ne4 $11 {1/2 Zhukova,N (2499)-Kosintseva,N (2533)/Moscow 2010/CBM 138 Extra (42)}) (11... dxc4 12. Bxc4 b6 13. Qe2 Bb7 14. Rac1 Ne7 15. Rfd1 Ng6 16. Ba2 Qc6 17. c4 cxd4 18. Rxd4 e5 19. Rdd1 Ne4 $11 {1-0 Kasimdzhanov,R (2652)-Groszpeter,A (2508)/Deizisau 2004/CBM 099 ext (50)}) 12. cxd5 exd5 13. Nd2 (13. Ne5 c4 14. Bc2 Ne4 (14... Nc6 15. Nxc6 Qxc6 16. a4 {1/2 Jakab,A (2417)-Lukacs,P (2423)/Hungary 2009/EXT 2010}) 15. Qh5 g6 16. Qh6 Bf5 (16... Nd6 17. Qf4 Qe7 18. Rae1 Nc6 19. Nxc6 bxc6 20. f3 Rb8 21. Bc1 Rb3 22. e4 $36 {1-0 Stocek,J (2578)-Votava,J (2546)/Czechia 2008/EXT 2009 (42)}) 17. f3 Ng3 18. Bxf5 Nxf5 19. Qf4 Rac8 {[%csl Gc7]} 20. e4 f6 21. Nxg6 hxg6 22. Qxc7 Rxc7 23. exf5 gxf5 24. Rae1 Rce7 $11 {1/2 Jakovenko,D (2725)-Leko,P (2735)/Astrakhan 2010/CBM 137/[Marin,M] (42)}) 13... Be6 14. Rc1 $146 {An inaccuracy allowing a strong reply.} (14. Qe2 Rac8 15. a4 a6 16. Ba3 c4 17. Bc2 Qd7 18. Qf3 Nb3 19. Nxb3 cxb3 20. Bxb3 Rxc3 21. Rfb1 Bf5 22. Bb4 Rc6 23. Rb2 Qc7 24. Bd2 Be4 25. Qe2 Rb8 {1/2 Pappier,C (2400)-Schulze,M (2436)/IECG 2002/Telechess CBM 95}) ({RR} 14. a4 Rad8 15. Ba3 b6 16. Rc1 c4 17. Bc2 Bd7 18. Qe1 Bc6 19. f3 Qd7 20. e4 Bxa4 21. Bb1 Nh5 22. Qh4 g6 23. e5 f5 24. exf6 Re2 25. Be7 Re8 26. Qg5 Kf7 27. Rce1 Rxe1 28. Rxe1 Nc6 {Byklum,B (2296)-Hammer,J (2633) Norway 2012 ½-½ (50)}) 14... b5 $1 {Preventing c3-c4 and seizing the c4-square completely.} 15. dxc5 (15. Bxb5 $4 Reb8) 15... Nc4 $15 {[%csl Rb2,Gc4][%mdl 32]} 16. Rb1 (16. Nxc4 $142 dxc4 (16... bxc4 $5 17. Bc2 Rab8 $15) 17. Bc2 Rad8 18. Qe2 Nd7 $15 {[%cal Yd7c5,Yc5d3]}) 16... Qxc5 17. Nb3 Qc7 18. Bc1 a6 19. Nd4 Bd7 20. Bc2 Rac8 21. Ne2 Qe5 22. Ng3 {An incorrect pawn sacrifice but what to do?} (22. Qd4 Qxd4 23. Nxd4 Ne4 24. Bxe4 dxe4 $17 {[%csl Ra3,Rc3,Rd3]}) 22... Qxc3 23. Rb3 Qe5 24. Bb1 a5 25. Rd3 Qe7 26. Re1 b4 27. axb4 Qxb4 28. Bd2 Nxd2 29. Qxd2 g6 30. Ba2 Bb5 31. Rb1 Qxd2 32. Rxd2 Rc5 33. Rb3 a4 34. Ra3 Ra8 35. f3 Rc1+ 36. Kf2 $2 {[%csl Rf2]} (36. Kh2 $142 $17) 36... Rac8 37. e4 R8c2 38. Rxc2 Rxc2+ 39. Ke3 Rxg2 40. Kf4 Kg7 41. h4 h6 {[%cal Rg6g5]} 0-1